Diseño de un sistema de recolección y tratamiento de descargas líquidas de una planta productora de ceras
محفوظ في:
| المؤلف الرئيسي: | |
|---|---|
| التنسيق: | كتاب |
| منشور في: |
[San José , Costa Rica]
1996
|
| الموضوعات: | |
| الوسوم: |
إضافة وسم
لا توجد وسوم, كن أول من يضع وسما على هذه التسجيلة!
|
MARC
| LEADER | 00000nam a2200000Ia 4500 | ||
|---|---|---|---|
| 003 | 007899 | ||
| 005 | 20221231144248.0 | ||
| 008 | 140114s1996 cr a m 000 ||s d | ||
| 040 | |c cru CEDI | ||
| 090 | |a TFG 3441 | ||
| 100 | |a Calderon Villegas, Roy Edgardo |9 10456 | ||
| 245 | |a Diseño de un sistema de recolección y tratamiento de descargas líquidas de una planta productora de ceras | ||
| 260 | |c 1996 |a [San José , Costa Rica] | ||
| 300 | |a xiii, [165] hojas : ilustraciones | ||
| 500 | |a Proyecto de graduación (licenciatura en ingeniería química)--Universidad de Costa Rica. Facultad de Ingeniería. Escuela de Ingeniería Química | ||
| 650 | |x PURIFICACION DE AGUAS RESIDUALES |9 10457 | ||
| 942 | |c TFG | ||
| 999 | |c 19265 |d 19265 | ||
